000 01293nam a22003617a 4500
003 CHAP
005 20220329141012.0
008 971013s1996 r 00010 d
010 _a61125
011 _a62097
035 _a66271
040 _cCHAP
090 _aTesis
100 0 0 _aVázquez Moreno, Fernando de Jesús.
_9120447
245 _aRentabilidad y ventajas comparativas de la producción de cebada en el estado de Hidalgo, 1995
260 _aChapingo, Méx. :
_bEl autor,
_c1996
300 _a90 h.
_b; gráfs. ; anexos
502 _aTesis (Lic. en Economía Agrícola) -- UACH. Departamento de Economía Agrícola
590 _aALEPH
_b10
_c20130110
_lUCH01
_h1340
590 _aBATCH-UPD
_b10
_c20130110
_lUCH01
_h0526
590 _aBATCH-UPD
_b10
_c20130410
_lUCH01
_h0205
590 _aBATCH-UPD
_b10
_c20130410
_lUCH01
_h1559
590 _aBATCH-UPD
_b10
_c20130914
_lUCH01
_h0904
590 _aCONVERSION
_b10
_c20130109
_lUCH01
_h1333
650 1 4 _aCebada
_xAspectos económicos.
_920657
650 1 4 _aCebada
_xCostos de producción.
_920668
650 1 4 _aCebada
_xHidalgo.
_920685
650 1 4 _aCebada
_xRendimiento.
_920707
901 _aBK
942 _cFOLL
949 _bBC
_cTES
_d-151444
_eTS1
_h29281
_i66271
_si
949 _bBC
_cTES
_d33724000620548
_eTS2
_fc.2
_h29282
_i66271
_si
999 _c61125
_d61125